000 00563nam a2200193Ia 4500
005 20250508164819.0
008 008 250505s9999 xx 000 0 eng d
037 _aDissertations
040 _aFEDL
_beng
_cFEDL
041 _aeng
_2eng
084 _a370, AGA/DI
_qFEDL
100 _aAgarwal Kuldeep
_9532100
245 0 _aStudy of the dialogical relationship between education and rural
260 _c1987
300 _a84p.
546 _aM.Phil. Dissertation, (Delhi University)
942 _cDIS
_h370, AGA/DI
999 _c1391349
_d1391349